MARC

LEADER 00000nam0a2200000 4500
001 73632
005 20250109063127.0
035 |a (RuTPU)RU\TPU\book\78564 
090 |a 73632 
100 |a 20050221d2004 m y0rusy50 ca 
101 0 |a rus 
102 |a RU 
105 |a a j 001zy 
200 1 |a Лабораторный практикум по курсу "Системы управления электроприводами"  |f А. Е. Алехин, С. В. Ляпушкин  |g Томский политехнический университет 
210 |a Томск  |c Изд-во ТПУ  |d 2004 
215 |a 98 с.  |c ил. 
225 1 |a Учебники Томского политехнического университета 
320 |a Библиография в конце лабораторных работ. 
606 |a Электроприводы  |x Управление  |2 stltpush  |3 (RuTPU)RU\TPU\subj\20697  |9 45783 
610 1 |a системы управления 
610 1 |a бесконтактные двигатели 
610 1 |a шаговые двигатели 
610 1 |a логическое управление 
610 1 |a регулирование 
610 1 |a лабораторные практикумы 
610 1 |a учебные пособия 
675 |a 62-83-5(076.5)  |v 3 
700 1 |a Алехин  |b А. Е.  |g Анатолий Елисеевич 
701 1 |a Ляпушкин  |b С. В.  |c специалист в области электротехники  |c доцент Томского политехнического университета, кандидат технических наук  |f 1973-  |g Сергей Викторович  |y Томск  |3 (RuTPU)RU\TPU\pers\27842  |9 12877 
712 0 2 |a Томский политехнический университет  |c (1991-2009)  |7 ca  |8 rus  |3 (RuTPU)RU\TPU\col\376  |9 23382 
801 1 |a RU  |b 63413507  |c 20050221  |g PSBO 
801 2 |a RU  |b 63413507  |c 20201116  |g PSBO 
942 |c BK